Actrices de cinéma et leurs pseudonymes - Statistiques

Statistiques générales
  • Ce quiz a été pris 250 fois
  • Le résultat moyen est 8 sur 23
Statistiques - réponses
Véritable nom Pseudonyme % Correct
Josiane Balaskovic Josiane Balasko
91%
Catherine Dorléac Catherine Deneuve
85%
Sophie Maupu Sophie Marceau
82%
Simone Kaminker Simone Signoret
65%
Sylvette Herry Miou Miou
60%
Alice Sapric Alice Sapritch
58%
Mireille Aigroz Mireille Darc
55%
Béatrice Cabarrou Béatrice Dalle
41%
Véronique Combouilhaud Véronique Genest
38%
Anne Bourguignon Anémone
35%
Léonie Bathiat Arletty
33%
Anny Legras Anny Duperey
23%
Simone Roussel Michele Morgan
22%
Micheline Etevenon Micheline Dax
21%
Nicole Andrieu Nicole Courcel
17%
Maïtena Douménach Marie Laforët
16%
Brigitte Vanmeerhaeghe Brigitte Lahaie
14%
Marie Josée Benhalassa Marie José Nat
13%
Nicole Dreyfus Anouk Aimée
5%
Marie Louise Mourer Martine Carol
4%
Marie France Thielland Bulle Ogier
3%
Claudine Huzé Marie Dubois
3%
Yvonne du Chaxel Danny Carrel
2%
Aucun quiz correspondant
Distribution des résultats
% des personnes avec chaque résultat
Percentile par nombre de réponses
Votre historique - résultats
Vous n’avez pas pris ce quiz